00300nam a22000977a 4500008004100000082002200041100002200063245006700085260004100152300000900193230627b xxu||||| |||| 00| 0 eng d a338.676bNYA 1975 cNicholas Nyangira aRelative Modernization and Public Resource Allocation in Kenya bEast African Literature Bureauc1975 a169p